000 00267nam a22001217a 4500
008 170220b xxu||||| |||| 00| 0 eng d
041 _aeng
080 _a615
100 _a5
101 _ashf
245 _aHANBOOK NONPRESCRIPTION DRUGS
_cR.R.BERARDI
942 _2udc
_cBK
999 _c5892
_d5892